Mastabas of Cemetery G 6000 : including G 6010 (Neferbauptah); G 6020 (Iymery); G 6030 (Ity); G 6040 (Shepseskafankh)
Αποθηκεύτηκε σε:
| Κύριος συγγραφέας: | |
|---|---|
| Άλλοι συγγραφείς: | |
| Μορφή: | Βιβλίο |
| Γλώσσα: | English |
| Δημοσίευση: |
Boston :
Dept. of Ancient Egyptian, Nubian, and Near Eastern Art, Museum of Fine Arts,
1994
|
| Σειρά: | Giza mastabas ;
; 5 |
| Θέματα: | |
| Ετικέτες: |
Προσθήκη ετικέτας
Δεν υπάρχουν, Καταχωρήστε ετικέτα πρώτοι!
|
MARC
| LEADER | 00000nam a2200000 i 4500 | ||
|---|---|---|---|
| 001 | 1/74275 | ||
| 008 | 080212s1994 eng d | ||
| 020 | |a 0-87846-322-4 | ||
| 035 | |l 10094600 | ||
| 040 | |a GR-MY-UA |b gre |e aacr | ||
| 041 | 0 | |a eng | |
| 082 | 0 | |a 932 |2 (22) | |
| 100 | 1 | |a Weeks, Kent R. | |
| 245 | 1 | 0 | |a Mastabas of Cemetery G 6000 : |b including G 6010 (Neferbauptah); G 6020 (Iymery); G 6030 (Ity); G 6040 (Shepseskafankh) / |c Kent R. Weeks ; final drawings by Susan H. Weeks |
| 260 | |a Boston : |b Dept. of Ancient Egyptian, Nubian, and Near Eastern Art, Museum of Fine Arts, |c 1994 | ||
| 300 | |a xxiii, 98, [55] σ.; |b εικ.; |c 30 εκ. | ||
| 490 | 1 | |a Giza Mastabas |v ; 5 | |
| 504 | |a Περιλαμβάνει βιβλιογραφίες | ||
| 650 | 0 | 0 | |a Tombs |z Egypt |z Jizah. |
| 651 | 0 | |a Jizah (Egypt) |x Antiquities. | |
| 651 | 0 | |a Egypt |x Antiquities. | |
| 700 | 1 | |a Weeks, Susan H. |4 ill | |
| 830 | 0 | |a Giza mastabas ; |v ; 5 | |
| 852 | |a INST |b RHODES |e 20080212 |h 932 WEE |p 005400029998 |q 005400029998 |t BK |y 0 | ||
| 901 | |a BIBL4-2008-1 | ||
| 909 | |a Ρ |b 145299 | ||
| 922 | |a 4ΕΛΗ |b 200801 |c ΕΠΕΑΕΚ2/ΤΜΣ |d ΠΑΠΑΣΩΤΗΡΙΟΥ | ||
| 970 | |a ΚΟΖΑ |b ΜΑΡΙΑ |z 2008/02/12 | ||